[Event "XXVII MFSz Memorial Jozefa Kochana - Ope"]
[Site "Koszalin"]
[Date "2016.??.??"]
[Round "6.5"]
[White "Hilarecki, Grzegorz"]
[Black "Bugalski, Michal"]
[Result "0-1"]
[WhiteElo "2110"]
[BlackElo "2196"]
[PlyCount "64"]
[EventDate "2016.??.??"]

1. d4 e6 2. Nf3 Nf6 3. Bg5 h6 4. Bh4 b6 5. e3 Bb7 6. c4 Bb4+ 7. Nc3 c5 8. a3
Bxc3+ 9. bxc3 g5 10. Bg3 Ne4 11. Bd3 Nxg3 12. fxg3 Nc6 13. O-O Qe7 14. Ra2 e5
15. d5 e4 16. Nd4 cxd4 17. dxc6 Bxc6 18. Be2 d3 19. Bh5 O-O-O 20. Rf5 Qe6 21.
Raf2 Qxc4 22. h3 Qxc3 23. Kh2 Rhe8 24. Bxf7 Re5 25. Rf6 Ra5 26. Bg6 Kb7 27. Qg4
h5 28. Bxh5 Qxa3 29. Bg6 Qb4 30. h4 d2 31. h5 Re8 32. Rxd2 Qxd2 0-1

[Event "XXVII MFSz Memorial Jozefa Kochana - Ope"]
[Site "Koszalin"]
[Date "2016.??.??"]
[Round "6.6"]
[White "Lopuszanski, Kamil"]
[Black "Dzhuguryan, Tygran"]
[Result "0-1"]
[WhiteElo "1991"]
[BlackElo "2179"]
[PlyCount "102"]
[EventDate "2016.??.??"]

1. d4 Nf6 2. c4 c5 3. d5 e5 4. Nc3 d6 5. e4 Be7 6. Bd3 O-O 7. Nge2 Nh5 8. Qd2
h6 9. O-O Bg5 10. Qc2 a6 11. a3 a5 12. Rb1 Na6 13. Bd2 Bxd2 14. Qxd2 Qg5 15.
Qxg5 hxg5 16. Nb5 Rd8 17. f3 Kf8 18. g3 Ke7 19. Kg2 Bd7 20. Rh1 Rh8 21. h4 gxh4
22. Rxh4 Nf4+ 23. Nxf4 Rxh4 24. Ng6+ fxg6 25. gxh4 Rh8 26. Kg3 Bxb5 27. cxb5
Nb8 28. b4 axb4 29. axb4 Nd7 30. Bf1 cxb4 31. Rxb4 Nc5 32. Kg4 Kf6 33. b6 Ra8
34. Rb1 Ra2 35. Bb5 Kf7 36. Kg3 Kg8 37. Kg4 Kh7 38. Bc6 Nd3 39. Rg1 Rb2 40.
Bxb7 Rxb6 41. Bc8 Kh6 42. Rg2 Nc5 43. Kg3 g5 44. Bf5 Nd3 45. Kg4 gxh4 46. Kxh4
Nf4 47. Rh2 g6 48. Kg3+ Kg5 49. Bg4 Rb1 50. Rc2 Re1 51. Rc6 Re2 0-1

[Event "XXVII MFSz Memorial Jozefa Kochana - Ope"]
[Site "Koszalin"]
[Date "2016.??.??"]
[Round "6.7"]
[White "Mielczarski, Miroslaw"]
[Black "Januszkiewicz, Wojciech"]
[Result "0-1"]
[WhiteElo "2157"]
[BlackElo "1995"]
[PlyCount "78"]
[EventDate "2016.??.??"]

1. d4 Nf6 2. c4 e6 3. Nf3 Bb4+ 4. Bd2 c5 5. e3 O-O 6. dxc5 Bxc5 7. Qc2 b6 8.
Nc3 Bb7 9. Bd3 h6 10. Ne4 Nxe4 11. Bxe4 d5 12. cxd5 exd5 13. Bd3 d4 14. e4 Nc6
15. a3 a5 16. O-O Re8 17. Rfe1 Bd6 18. Bb5 Rc8 19. Qd3 Ne5 20. Nxe5 Rxe5 21.
Bc4 Qe7 22. f3 Rec5 23. Rac1 Qc7 24. Bd5 Bxh2+ 25. Kf1 Bxd5 26. exd5 Bg3 27.
Rxc5 bxc5 28. Re4 h5 29. Qb5 Rb8 30. Re8+ Rxe8 31. Qxe8+ Kh7 32. f4 Qb7 33.
Qe4+ g6 34. b4 axb4 35. axb4 Qa6+ 36. Qe2 Qa1+ 37. Be1 cxb4 38. d6 Bxe1 39.
Qxe1 Qa6+ 0-1

[Event "XXVII MFSz Memorial Jozefa Kochana - Ope"]
[Site "Koszalin"]
[Date "2016.??.??"]
[Round "6.8"]
[White "Bilczewski, Kacper"]
[Black "Mike, Patryk"]
[Result "1-0"]
[WhiteElo "2080"]
[BlackElo "1877"]
[PlyCount "99"]
[EventDate "2016.??.??"]

1. e4 c6 2. d3 d5 3. Nd2 g6 4. g3 e5 5. Bg2 Bg7 6. Ne2 Ne7 7. O-O O-O 8. f4
Qb6+ 9. Kh1 Bg4 10. fxe5 Bxe5 11. exd5 cxd5 12. Nf3 Bg7 13. d4 Nd7 14. c3 Nf5
15. Nf4 Nf6 16. Qb3 Qxb3 17. axb3 Ne4 18. Nxd5 Nexg3+ 19. hxg3 Nxg3+ 20. Kg1
Nxf1 21. Kxf1 a6 22. Bf4 Rad8 23. Nb6 Bxf3 24. Bxf3 Bxd4 25. cxd4 Rxd4 26. Be5
Rd3 27. Ke2 Rxb3 28. Nd5 Rd8 29. Nf6+ Kf8 30. Nxh7+ Ke8 31. Bc3 Rd6 32. Nf6+
Kd8 33. Ne4 Re6 34. Kf2 Rb5 35. Rd1+ Ke7 36. Ng3 b6 37. Be2 Rg5 38. Bxa6 b5 39.
Bb7 Rb6 40. Bb4+ Ke8 41. Bc8 Re5 42. Bd7+ Kd8 43. Ba5 Kc7 44. Bxb6+ Kxb6 45.
Bg4 Rc5 46. Rd2 f5 47. Bf3 g5 48. Bd5 Rc8 49. Nxf5 Rf8 50. Be4 1-0

[Event "XXVII MFSz Memorial Jozefa Kochana - Ope"]
[Site "Koszalin"]
[Date "2016.??.??"]
[Round "6.9"]
[White "Stylinski, Piotr  "]
[Black "Lisinski, Henryk"]
[Result "0-1"]
[WhiteElo "1836"]
[BlackElo "1850"]
[PlyCount "71"]
[EventDate "2016.??.??"]

1. e4 c5 2. Ne2 d6 3. g3 Nf6 4. Bg2 e5 5. O-O g6 6. c3 Bg7 7. d4 O-O 8. h3 Nc6
9. Be3 b6 10. Qd2 Re8 11. Qc2 Bb7 12. d5 Nb8 13. c4 Nbd7 14. Nbc3 Rf8 15. f4
exf4 16. gxf4 Kh8 17. Ng3 a6 18. Rf2 Rb8 19. Bf1 Bc8 20. Bd3 Ng8 21. e5 dxe5
22. f5 Qh4 23. Nce4 h6 24. Raf1 Ndf6 25. Kg2 Nxe4 26. Bxe4 Nf6 27. Bd3 Rg8 28.
Bd2 gxf5 29. Rf4 exf4 30. Rxf4 Qg5 31. Rxf5 Bxf5 32. Bxg5 Bxd3 33. Qxd3 hxg5
34. Qf5 Rbd8 35. Qxg5 Nh7 36. Qh5 0-1

[Event "XXVII MFSz Memorial Jozefa Kochana - Ope"]
[Site "Koszalin"]
[Date "2016.??.??"]
[Round "6.10"]
[White "Heinsohn, Michael"]
[Black "Przerwa, Waldemar"]
[Result "1-0"]
[WhiteElo "2007"]
[BlackElo "1799"]
[PlyCount "57"]
[EventDate "2016.??.??"]

1. d4 d5 2. c4 c6 3. Nf3 Nf6 4. Nbd2 a6 5. b3 g6 6. Bb2 Bg7 7. g3 O-O 8. Bg2
Bf5 9. Nh4 Be6 10. O-O b5 11. Qc2 Ra7 12. Rfd1 Qd7 13. e4 Nxe4 14. Nxe4 dxe4
15. Bxe4 Rc7 16. Rac1 Bf6 17. Ng2 Bg5 18. f4 Bh6 19. Ne3 f5 20. Bg2 Bg7 21. d5
cxd5 22. Bxd5 Bxb2 23. Qxb2 Ra7 24. Qd4 Bxd5 25. Nxd5 Qb7 26. cxb5 axb5 27. Rc7
Qxc7 28. Nxc7 Rxc7 29. Qd5+ 1-0

[Event "XXVII MFSz Memorial Jozefa Kochana - Ope"]
[Site "Koszalin"]
[Date "2016.??.??"]
[Round "7.1"]
[White "Swicarz, Maciej"]
[Black "Cyborowski, Lukasz"]
[Result "1/2-1/2"]
[WhiteElo "2238"]
[BlackElo "2526"]
[PlyCount "34"]
[EventDate "2016.??.??"]

1. e4 d5 2. exd5 Qxd5 3. Nc3 Qd6 4. d4 Nf6 5. Nge2 Bf5 6. Bf4 Qd7 7. Ng3 Bg6 8.
d5 c6 9. Bc4 cxd5 10. Nxd5 Nxd5 11. Qxd5 e6 12. Qf3 a6 13. O-O Qc6 14. Be2 Qxf3
15. Bxf3 Nc6 16. c3 O-O-O 17. Rfd1 Be7 1/2-1/2

[Event "XXVII MFSz Memorial Jozefa Kochana - Ope"]
[Site "Koszalin"]
[Date "2016.??.??"]
[Round "7.3"]
[White "Bugalski, Michal"]
[Black "Plichta, Kamil"]
[Result "1-0"]
[WhiteElo "2196"]
[BlackElo "2347"]
[PlyCount "81"]
[EventDate "2016.??.??"]

1. e4 Nf6 2. e5 Nd5 3. d4 d6 4. c4 Nb6 5. exd6 exd6 6. Nf3 Be7 7. Be2 O-O 8.
O-O Bf5 9. Nc3 Bf6 10. b3 Nc6 11. Bb2 d5 12. c5 Nc8 13. Rc1 N8e7 14. Qd2 Re8
15. Nd1 Be4 16. Ne3 Nf5 17. Ng4 Bxf3 18. Nxf6+ Qxf6 19. Bxf3 Rad8 20. Rfe1
Rxe1+ 21. Rxe1 h6 22. h3 Nfxd4 23. Bg4 Qg5 24. f4 Qh4 25. Re3 h5 26. g3 Qf6 27.
Bd1 b6 28. cxb6 axb6 29. Kg2 h4 30. g4 Ra8 31. a4 Rf8 32. Rd3 g5 33. Bxd4 Nxd4
34. Rxd4 c6 35. fxg5 Qe5 36. Qf4 Qe1 37. Rd2 Re8 38. Rf2 Re7 39. g6 fxg6 40.
Bc2 Qe6 41. Bxg6 1-0

[Event "XXVII MFSz Memorial Jozefa Kochana - Ope"]
[Site "Koszalin"]
[Date "2016.??.??"]
[Round "7.4"]
[White "Januszkiewicz, Wojciech"]
[Black "Dzhuguryan, Tygran"]
[Result "1-0"]
[WhiteElo "1995"]
[BlackElo "2179"]
[PlyCount "59"]
[EventDate "2016.??.??"]

1. e4 Nf6 2. e5 Nd5 3. d4 d6 4. Nf3 Bg4 5. Be2 e6 6. O-O Be7 7. c4 Nb6 8. Be3
O-O 9. Nc3 dxe5 10. Nxe5 Bf5 11. Bf3 c6 12. Qe2 f6 13. Nd3 Nxc4 14. Nf4 Nb6 15.
g4 e5 16. gxf5 exf4 17. Bxf4 Re8 18. Rfe1 g6 19. Qe6+ Kg7 20. fxg6 hxg6 21. d5
N8d7 22. dxc6 bxc6 23. Bxc6 Bb4 24. Qh3 Rh8 25. Qg2 Rc8 26. Rad1 Re8 27. Rxe8
Qxe8 28. Bxd7 Nxd7 29. Qb7 Rd8 30. Qxb4 1-0

[Event "XXVII MFSz Memorial Jozefa Kochana - Ope"]
[Site "Koszalin"]
[Date "2016.??.??"]
[Round "7.5"]
[White "Shishkin, Vadim"]
[Black "Ustianovich, Nazar"]
[Result "1/2-1/2"]
[WhiteElo "2469"]
[BlackElo "2308"]
[PlyCount "23"]
[EventDate "2016.??.??"]

1. d4 d5 2. c4 e6 3. Nf3 Be7 4. Nc3 Nf6 5. Bf4 O-O 6. e3 Nbd7 7. Qc2 c5 8. Rd1
cxd4 9. Rxd4 Qa5 10. Bg5 Nb6 11. Nd2 dxc4 12. Bf4 1/2-1/2

[Event "XXVII MFSz Memorial Jozefa Kochana - Ope"]
[Site "Koszalin"]
[Date "2016.??.??"]
[Round "7.7"]
[White "Lopuszanski, Kamil"]
[Black "Bilczewski, Kacper"]
[Result "1-0"]
[WhiteElo "1991"]
[BlackElo "2080"]
[PlyCount "73"]
[EventDate "2016.??.??"]

1. d4 d6 2. Nf3 Nd7 3. e4 g6 4. Bd3 Bg7 5. O-O e5 6. c3 Ngf6 7. Bg5 h6 8. Bh4
O-O 9. Nbd2 Qe7 10. Re1 Nb6 11. a4 a5 12. Qc2 Bd7 13. b3 g5 14. Bg3 Nh5 15.
Rad1 Nf4 16. Bf1 Bg4 17. h3 Bh5 18. Bh2 Qf6 19. Re3 g4 20. hxg4 Bxg4 21. Bxf4
Qxf4 22. g3 Qf6 23. Bg2 Rad8 24. Rf1 h5 25. d5 Bh6 26. Ree1 c6 27. Qd3 c5 28.
Nh4 Bxd2 29. Qxd2 c4 30. Qe3 Nc8 31. bxc4 b6 32. f4 Rd7 33. Nf5 Rc7 34. fxe5
Qxe5 35. Nh6+ Kg7 36. Nxg4 hxg4 37. Rf5 1-0

[Event "XXVII MFSz Memorial Jozefa Kochana - Ope"]
[Site "Koszalin"]
[Date "2016.??.??"]
[Round "7.8"]
[White "Lisinski, Henryk"]
[Black "Mielczarski, Miroslaw"]
[Result "0-1"]
[WhiteElo "1850"]
[BlackElo "2157"]
[Annotator "Doe,John"]
[PlyCount "67"]
[EventDate "2016.??.??"]

1. d4 d5 2. Nf3 Nf6 3. c4 c6 4. Nc3 e6 5. e3 Nbd7 6. Qc2 Bd6 7. h3 O-O 8. a3
Qe7 9. cxd5 exd5 10. Bd3 a5 11. O-O Re8 12. b3 Ne4 13. Bb2 Nxc3 14. Qxc3 Nf8
15. e4 dxe4 16. Bxe4 f6 17. Rfe1 Qf7 18. b4 Be6 19. Qd2 axb4 20. axb4 Rxa1 21.
Bxa1 Bd5 22. Bxd5 Rxe1+ 23. Qxe1 Qxd5 24. Bc3 Ne6 25. Qe3 Kf7 26. g3 Nc7 27.
Qd3 g6 28. Qe3 Qe6 29. Qxe6+ Kxe6 30. Kf1 Nd5 31. Bd2 Bxb4 32. Bh6 Kf5 33. Ng1
g5 34. f3 0-1

[Event "XXVII MFSz Memorial Jozefa Kochana - Ope"]
[Site "Koszalin"]
[Date "2016.??.??"]
[Round "7.9"]
[White "Przerwa, Waldemar"]
[Black "Cagara, Paulina"]
[Result "1/2-1/2"]
[WhiteElo "1799"]
[BlackElo "2052"]
[PlyCount "42"]
[EventDate "2016.??.??"]

1. e4 c6 2. d4 d5 3. e5 c5 4. dxc5 e6 5. Be3 Nh6 6. c3 Nf5 7. Bd4 Bd7 8. b4 Nc6
9. a3 b6 10. cxb6 Ncxd4 11. b7 Rb8 12. cxd4 Qb6 13. Nf3 Rxb7 14. Nc3 Be7 15.
Na4 Bxb4+ 16. axb4 Qxb4+ 17. Qd2 Qb1+ 18. Qd1 Qb4+ 19. Qd2 Qb1+ 20. Qd1 Qb4+
21. Qd2 Qb1+ 1/2-1/2

[Event "XXVII MFSz Memorial Jozefa Kochana - Ope"]
[Site "Koszalin"]
[Date "2016.??.??"]
[Round "7.10"]
[White "Mike, Patryk"]
[Black "Stylinski, Piotr  "]
[Result "1-0"]
[WhiteElo "1877"]
[BlackElo "1836"]
[PlyCount "89"]
[EventDate "2016.??.??"]

1. e4 c6 2. d4 d5 3. e5 Bf5 4. Nd2 e6 5. Nb3 Nd7 6. Nf3 h6 7. Be2 Ne7 8. O-O
Bh7 9. Bd2 Nf5 10. c4 dxc4 11. Bxc4 Be7 12. Ba5 Qb8 13. Bd3 Nb6 14. Bxb6 axb6
15. g4 Nh4 16. Bxh7 Nxf3+ 17. Qxf3 Rxh7 18. a4 Qd8 19. Rfd1 Bb4 20. Nc1 Qd5 21.
Qd3 Rh8 22. Na2 Be7 23. b3 h5 24. Nc3 Qd7 25. h3 hxg4 26. hxg4 Rh4 27. f3 Bb4
28. Ne4 O-O-O 29. Qc4 Qe7 30. Nf2 Rdh8 31. Kf1 Rh2 32. Ke2 Qh4 33. Rf1 Bd2 34.
Qd3 Bf4 35. a5 b5 36. a6 bxa6 37. Rxa6 Kb7 38. Ra2 Bg3 39. Ke1 Qg5 40. Qd2 Bf4
41. Qa5 Rb8 42. Qa7+ Kc8 43. Qxf7 Be3 44. Qxe6+ Kb7 45. Qd7+ 1-0

[Event "XXVII MFSz Memorial Jozefa Kochana - Ope"]
[Site "Koszalin"]
[Date "2016.??.??"]
[Round "8.1"]
[White "Malaniuk, Vladimir P"]
[Black "Cyborowski, Lukasz"]
[Result "1/2-1/2"]
[WhiteElo "2471"]
[BlackElo "2526"]
[PlyCount "23"]
[EventDate "2016.??.??"]

1. d4 d5 2. c4 e6 3. Nc3 Nf6 4. cxd5 Nxd5 5. e4 Nxc3 6. bxc3 c5 7. Nf3 cxd4 8.
cxd4 Bb4+ 9. Bd2 Bxd2+ 10. Qxd2 O-O 11. Rc1 Nc6 12. Be2 1/2-1/2

[Event "XXVII MFSz Memorial Jozefa Kochana - Ope"]
[Site "Koszalin"]
[Date "2016.??.??"]
[Round "8.2"]
[White "Januszkiewicz, Wojciech"]
[Black "Simantsev, Mikhail"]
[Result "1/2-1/2"]
[WhiteElo "1995"]
[BlackElo "2460"]
[PlyCount "98"]
[EventDate "2016.??.??"]

1. Nf3 c5 2. c4 Nf6 3. Nc3 d5 4. cxd5 Nxd5 5. e4 Nb4 6. a3 N4c6 7. h3 g6 8. d3
Bg7 9. Be3 b6 10. Be2 O-O 11. O-O Bb7 12. Rb1 Ne5 13. Ne1 Nbc6 14. f4 Nd7 15.
Qd2 Rc8 16. Nf3 Nd4 17. Qe1 Nc2 18. Qd2 Nxe3 19. Qxe3 Nb8 20. e5 Nc6 21. Rfd1
Nd4 22. Ne4 f6 23. exf6 exf6 24. Nxd4 cxd4 25. Qd2 Bh6 26. Rbc1 Rc7 27. Rf1 Re7
28. Bf3 Qb8 29. Qb4 Rd7 30. g3 f5 31. Nd2 g5 32. Qb5 Rg7 33. Qc4+ Kh8 34. Qxd4
gxf4 35. g4 fxg4 36. hxg4 Bxf3 37. Nxf3 Qd8 38. Rc6 Qxd4+ 39. Nxd4 Rxg4+ 40.
Kf2 Bg7 41. Ne6 Rg6 42. d4 f3 43. d5 Rg2+ 44. Ke3 Bh6+ 45. Kd3 Rd2+ 46. Ke4
Re2+ 47. Kd3 Rd2+ 48. Ke4 Re2+ 49. Kd3 Rd2+ 1/2-1/2

[Event "XXVII MFSz Memorial Jozefa Kochana - Ope"]
[Site "Koszalin"]
[Date "2016.??.??"]
[Round "8.3"]
[White "Bugalski, Michal"]
[Black "Swicarz, Maciej"]
[Result "1-0"]
[WhiteElo "2196"]
[BlackElo "2238"]
[PlyCount "35"]
[EventDate "2016.??.??"]

1. e4 c6 2. Nc3 d5 3. Nf3 a6 4. d4 Bg4 5. h3 Bh5 6. g4 Bg6 7. Ne5 Bxe4 8. Nxe4
dxe4 9. c3 b5 10. Qb3 Qd5 11. Bc4 bxc4 12. Qb7 e3 13. Qxa8 exf2+ 14. Kxf2 Qd6
15. Qb7 Nf6 16. Qc8+ Qd8 17. Qxd8+ Kxd8 18. Nxf7+ 1-0

[Event "XXVII MFSz Memorial Jozefa Kochana - Ope"]
[Site "Koszalin"]
[Date "2016.??.??"]
[Round "8.4"]
[White "Plichta, Kamil"]
[Black "Shishkin, Vadim"]
[Result "0-1"]
[WhiteElo "2347"]
[BlackElo "2469"]
[PlyCount "108"]
[EventDate "2016.??.??"]

1. c4 e5 2. g3 Nc6 3. Bg2 g6 4. Nc3 Bg7 5. e4 d6 6. Nge2 f5 7. d3 Nge7 8. O-O
O-O 9. Rb1 a5 10. Nd5 h6 11. a3 g5 12. exf5 Nxf5 13. b4 axb4 14. Nxb4 Ncd4 15.
Nxd4 Nxd4 16. Nc2 Ne6 17. Bxb7 Bxb7 18. Rxb7 d5 19. Rb1 dxc4 20. dxc4 Qxd1 21.
Rxd1 Nd4 22. Nxd4 exd4 23. Rb7 c5 24. Rb5 Rfc8 25. Bb2 Ra4 26. Rc1 g4 27. Rb3
Re8 28. Kf1 Ra6 29. Re1 Rxe1+ 30. Kxe1 Bf8 31. Ke2 Re6+ 32. Kd1 Ra6 33. Rb7 Rf6
34. Ke2 Re6+ 35. Kd3 Rf6 36. Ke2 Re6+ 37. Kd3 Rf6 38. Ke4 Re6+ 39. Kf5 Re2 40.
Kxg4 Rxf2 41. Bc1 Rc2 42. Bf4 Rxc4 43. Rb8 Kf7 44. Kf5 Ra4 45. Rb7+ Kg8 46. h4
Rxa3 47. g4 c4 48. g5 hxg5 49. hxg5 Ra5+ 50. Ke4 d3 51. Rd7 Ra8 52. Be5 Re8 53.
Kf5 Rxe5+ 54. Kxe5 c3 0-1

[Event "XXVII MFSz Memorial Jozefa Kochana - Ope"]
[Site "Koszalin"]
[Date "2016.??.??"]
[Round "8.5"]
[White "Ustianovich, Nazar"]
[Black "Hilarecki, Grzegorz"]
[Result "1-0"]
[WhiteElo "2308"]
[BlackElo "2110"]
[PlyCount "96"]
[EventDate "2016.??.??"]

1. d4 d5 2. Nf3 e6 3. c4 c5 4. cxd5 exd5 5. g3 Nc6 6. Bg2 Nf6 7. O-O Be7 8. Nc3
O-O 9. dxc5 Bxc5 10. Bg5 d4 11. Ne4 Be7 12. Bxf6 Bxf6 13. Ne1 Be7 14. Nd3 Qb6
15. Qd2 Bf5 16. Rfc1 Bxe4 17. Bxe4 Rad8 18. Rc4 Rd6 19. Rac1 Re6 20. Bd5 Rd6
21. Bxc6 Rxc6 22. Rxc6 bxc6 23. Qc2 c5 24. Qc4 Bd6 25. b3 a5 26. Qd5 Rc8 27.
Rc4 g6 28. Kf1 h5 29. Ne1 Re8 30. Nf3 Bf8 31. Ne5 Qf6 32. Nd3 Qe7 33. Rc2 Rc8
34. h4 Rc7 35. Rc4 Rc8 36. Ra4 Rd8 37. Qf3 Qc7 38. Qf4 Bd6 39. Qd2 Ra8 40. Qg5
Re8 41. Rc4 Qc6 42. f3 Rc8 43. g4 hxg4 44. Qxg4 Re8 45. Qxd4 Bf8 46. Qg4 Qd5
47. h5 Kg7 48. hxg6 fxg6 1-0

[Event "XXVII MFSz Memorial Jozefa Kochana - Ope"]
[Site "Koszalin"]
[Date "2016.??.??"]
[Round "8.6"]
[White "Dzhuguryan, Tygran"]
[Black "Heinsohn, Michael"]
[Result "1-0"]
[WhiteElo "2179"]
[BlackElo "2007"]
[PlyCount "79"]
[EventDate "2016.??.??"]

1. Nf3 d5 2. d4 Nf6 3. c4 c6 4. Nc3 g6 5. cxd5 cxd5 6. Qb3 Bg7 7. Bg5 e6 8. e3
O-O 9. Bd3 h6 10. Bh4 Nc6 11. O-O Qb6 12. Qxb6 axb6 13. Bg3 Nb4 14. Bb5 Bd7 15.
Bxd7 Nxd7 16. Bd6 Nd3 17. Bxf8 Bxf8 18. b3 Rc8 19. Nb5 Nb4 20. Rfc1 Nc6 21. a3
f6 22. b4 Kf7 23. Ra2 Ra8 24. Rac2 g5 25. g4 Be7 26. Nd2 Ra4 27. Nb1 Ra8 28.
Kg2 Rd8 29. N1c3 Ndb8 30. Rd1 Rd7 31. f3 Na6 32. e4 dxe4 33. fxe4 f5 34. d5
exd5 35. Rxd5 Rxd5 36. exd5 Ne5 37. gxf5 Nc4 38. Re2 Bf6 39. Ne4 Bd8 40. Ned6+
1-0

[Event "XXVII MFSz Memorial Jozefa Kochana - Ope"]
[Site "Koszalin"]
[Date "2016.??.??"]
[Round "8.7"]
[White "Mike, Patryk"]
[Black "Lopuszanski, Kamil"]
[Result "1/2-1/2"]
[WhiteElo "1877"]
[BlackElo "1991"]
[PlyCount "45"]
[EventDate "2016.??.??"]

1. e4 e6 2. d4 d5 3. e5 c5 4. c3 Nc6 5. Nf3 Bd7 6. a3 f6 7. exf6 Nxf6 8. b4
cxd4 9. cxd4 Bd6 10. Bb2 O-O 11. Bd3 Nh5 12. O-O Nf4 13. g3 Nxd3 14. Qxd3 Qf6
15. Nbd2 Be8 16. Qe3 a5 17. bxa5 Rxa5 18. Ne5 Bxe5 19. dxe5 Qf5 20. Nb3 Bh5 21.
f4 Rb5 22. Nd4 Nxd4 23. Bxd4 1/2-1/2

[Event "XXVII MFSz Memorial Jozefa Kochana - Ope"]
[Site "Koszalin"]
[Date "2016.??.??"]
[Round "8.8"]
[White "Cagara, Paulina"]
[Black "Lisinski, Henryk"]
[Result "1/2-1/2"]
[WhiteElo "2052"]
[BlackElo "1850"]
[PlyCount "36"]
[EventDate "2016.??.??"]

1. e4 c5 2. Nf3 d6 3. d4 cxd4 4. Qxd4 a6 5. c4 Nc6 6. Qd3 g6 7. Nc3 Bg7 8. Be3
Nf6 9. h3 O-O 10. Be2 b6 11. O-O Bb7 12. Rac1 Rc8 13. Rfd1 Nd7 14. Qb1 Na5 15.
b3 b5 16. Nd5 bxc4 17. bxc4 e6 18. Nb4 Qc7 1/2-1/2

[Event "XXVII MFSz Memorial Jozefa Kochana - Ope"]
[Site "Koszalin"]
[Date "2016.??.??"]
[Round "8.9"]
[White "Mielczarski, Miroslaw"]
[Black "Stylinski, Piotr  "]
[Result "0-1"]
[WhiteElo "2157"]
[BlackElo "1836"]
[PlyCount "58"]
[EventDate "2016.??.??"]

1. d4 d5 2. c4 e6 3. Nc3 c5 4. Nf3 Nc6 5. cxd5 exd5 6. g3 Nf6 7. Bg2 Be7 8. O-O
Be6 9. b3 O-O 10. Bb2 Rc8 11. dxc5 Bxc5 12. a3 Re8 13. Nb5 a6 14. Nbd4 Ne4 15.
Rc1 Bb6 16. Nxc6 bxc6 17. Qd3 Bf5 18. Qd1 Qd6 19. Nd4 Bg6 20. Bh3 Rc7 21. Nf5
Bxf5 22. Bxf5 Nxg3 23. Bd3 Re6 24. e3 Nxf1 25. Qxf1 Rh6 26. Qg2 f6 27. Kh1 Re7
28. Rg1 Bc7 29. f4 Bb6 0-1

[Event "XXVII MFSz Memorial Jozefa Kochana - Ope"]
[Site "Koszalin"]
[Date "2016.??.??"]
[Round "8.10"]
[White "Bilczewski, Kacper"]
[Black "Przerwa, Waldemar"]
[Result "1/2-1/2"]
[WhiteElo "2080"]
[BlackElo "1799"]
[PlyCount "139"]
[EventDate "2016.??.??"]

1. e4 c6 2. d3 d5 3. Nd2 dxe4 4. dxe4 e5 5. Ngf3 Bg4 6. h3 Bxf3 7. Qxf3 Qc7 8.
g3 Nf6 9. Bg2 Nbd7 10. O-O Be7 11. b3 O-O 12. Bb2 b5 13. Rfe1 Rfe8 14. Nf1 g6
15. Qe3 Bc5 16. Qg5 Be7 17. Qc1 Bc5 18. Ne3 Nh5 19. Bf3 Ng7 20. c3 Nf6 21. Qc2
Rad8 22. a3 Ne6 23. h4 h5 24. Kg2 Rd7 25. Nf1 Red8 26. Rac1 a5 27. b4 Be7 28.
Ra1 c5 29. bxa5 c4 30. a4 Qxa5 31. axb5 Qxb5 32. Reb1 Qc6 33. Ra4 Rd3 34. Rba1
Bf8 35. Ra6 Qb5 36. R1a5 Qb7 37. Ra7 Qb6 38. Bc1 Qb3 39. Qxb3 cxb3 40. Rb5 Rxc3
41. Bb2 Rc2 42. Bxe5 Nd7 43. Ne3 Nxe5 44. Rxe5 Rb8 45. Bd1 Ra2 46. Rxa2 bxa2
47. Ra5 Rb2 48. Ra8 Kg7 49. Bf3 Bc5 50. Nd1 Rd2 51. Kf1 Nd4 52. Nc3 Nxf3 53.
Rxa2 Rxa2 54. Nxa2 Nd2+ 55. Kg2 Nxe4 56. f3 Nd2 57. Nc1 Kf6 58. Nd3 Be3 59. Nb4
Ke5 60. Nc6+ Kd6 61. Nb4 Kc5 62. Na6+ Kc4 63. Nb8 Kd3 64. Nc6 Bd4 65. Nd8 f6
66. Ne6 Be3 67. Nf8 g5 68. Nh7 gxh4 69. Nxf6 hxg3 70. Nxh5 1/2-1/2

[Event "XXVII MFSz Memorial Jozefa Kochana - Ope"]
[Site "Koszalin"]
[Date "2016.??.??"]
[Round "9.1"]
[White "Cyborowski, Lukasz"]
[Black "Ustianovich, Nazar"]
[Result "1/2-1/2"]
[WhiteElo "2526"]
[BlackElo "2308"]
[PlyCount "33"]
[EventDate "2016.??.??"]

1. Nf3 d5 2. d4 Nf6 3. c4 c6 4. e3 e6 5. Nbd2 Nbd7 6. Bd3 b6 7. O-O Bb7 8. e4
dxe4 9. Nxe4 Nxe4 10. Bxe4 Nf6 11. Bc2 Be7 12. Bg5 Nd7 13. Bf4 O-O 14. Qd3 g6
15. Rad1 Rc8 16. Rfe1 Re8 17. Ne5 1/2-1/2

[Event "XXVII MFSz Memorial Jozefa Kochana - Ope"]
[Site "Koszalin"]
[Date "2016.??.??"]
[Round "9.2"]
[White "Simantsev, Mikhail"]
[Black "Bugalski, Michal"]
[Result "1-0"]
[WhiteElo "2460"]
[BlackElo "2196"]
[PlyCount "75"]
[EventDate "2016.??.??"]

1. d4 Nf6 2. c4 b6 3. Nf3 Bb7 4. g3 e6 5. Bg2 Be7 6. O-O O-O 7. Re1 Na6 8. Nc3
Ne4 9. Bd2 Nxd2 10. Qxd2 d5 11. cxd5 exd5 12. Ne5 c6 13. Rac1 Bd6 14. Nd3 Re8
15. a3 Nc7 16. e3 Ne6 17. Rc2 Qf6 18. b4 Ng5 19. f4 Ne6 20. Ne5 Bxe5 21. dxe5
Qe7 22. Ne2 a5 23. Nd4 Nxd4 24. exd4 axb4 25. axb4 Ra4 26. Rb2 Rea8 27. f5 Ra1
28. h4 c5 29. bxc5 bxc5 30. Rxa1 Rxa1+ 31. Kh2 h6 32. f6 Qc7 33. fxg7 Kxg7 34.
dxc5 Bc6 35. Qf4 Ra7 36. Qf6+ Kh7 37. Rb6 Bd7 38. Qxf7+ 1-0

[Event "XXVII MFSz Memorial Jozefa Kochana - Ope"]
[Site "Koszalin"]
[Date "2016.??.??"]
[Round "9.3"]
[White "Malaniuk, Vladimir P"]
[Black "Januszkiewicz, Wojciech"]
[Result "1-0"]
[WhiteElo "2471"]
[BlackElo "1995"]
[PlyCount "67"]
[EventDate "2016.??.??"]

1. d4 d5 2. c4 c6 3. e3 Nf6 4. Nc3 e6 5. Nf3 Nbd7 6. Qc2 Be7 7. b3 O-O 8. Bb2
b6 9. Bd3 Bb7 10. O-O h6 11. Rac1 Rc8 12. Rfd1 Qc7 13. Qe2 Rfe8 14. Bb1 Qb8 15.
Ne5 dxc4 16. bxc4 c5 17. f4 cxd4 18. exd4 Ba6 19. Bd3 Nf8 20. Kh1 Bb4 21. a3
Bd6 22. a4 Bb7 23. Bb1 Qa8 24. Rd3 Ne4 25. Rh3 Nxc3 26. Rcxc3 f6 27. Rcg3 fxe5
28. fxe5 Bb4 29. Rxh6 Kf7 30. Qf2+ Ke7 31. Rxg7+ Kd8 32. Qf6+ Be7 33. Rxe7 Rxe7
34. Ba3 1-0

[Event "XXVII MFSz Memorial Jozefa Kochana - Ope"]
[Site "Koszalin"]
[Date "2016.??.??"]
[Round "9.4"]
[White "Shishkin, Vadim"]
[Black "Swicarz, Maciej"]
[Result "1-0"]
[WhiteElo "2469"]
[BlackElo "2238"]
[PlyCount "51"]
[EventDate "2016.??.??"]

1. d4 Nf6 2. c4 e6 3. Nc3 Bb4 4. Qc2 c5 5. dxc5 Bxc5 6. Nf3 Qb6 7. e3 Qc7 8. g4
Nxg4 9. Rg1 Ne5 10. Nxe5 Qxe5 11. Bd2 Nc6 12. O-O-O O-O 13. Ne4 f6 14. Bc3 Qxh2
15. Rg2 Bxe3+ 16. fxe3 Qh6 17. Bd3 d5 18. Nxf6+ Rxf6 19. Bxf6 Qxf6 20. Bxh7+
Kh8 21. Rh1 Nb4 22. Rgh2 g5 23. Bg6+ Kg8 24. Rh8+ Qxh8 25. Rxh8+ Kxh8 26. Qf2
1-0

[Event "XXVII MFSz Memorial Jozefa Kochana - Ope"]
[Site "Koszalin"]
[Date "2016.??.??"]
[Round "9.5"]
[White "Plichta, Kamil"]
[Black "Dzhuguryan, Tygran"]
[Result "1/2-1/2"]
[WhiteElo "2347"]
[BlackElo "2179"]
[PlyCount "158"]
[EventDate "2016.??.??"]

1. e4 c6 2. d4 d5 3. e5 Bf5 4. Nc3 e6 5. g4 Bg6 6. Nge2 c5 7. h4 h6 8. Be3 Nc6
9. f4 h5 10. f5 exf5 11. g5 Qa5 12. Bh3 cxd4 13. Nxd4 Bb4 14. O-O Nge7 15. Ncb5
Nxd4 16. Nxd4 Bc5 17. c3 Bxd4 18. Bxd4 O-O 19. Qf3 Rfe8 20. Rf2 Rac8 21. b4 Qa4
22. Qf4 Rc6 23. Rb1 b5 24. Bf1 Re6 25. Bd3 Qa6 26. a4 Qxa4 27. Rff1 Qa6 28. Ra1
Qc6 29. Rxa7 Rb8 30. Rfa1 Qe8 31. R7a2 Nc6 32. Re1 Qe7 33. Bc5 Qb7 34. Bxf5
Bxf5 35. Qxf5 Rbe8 36. Bd4 Qc7 37. Rae2 Nxd4 38. cxd4 Qc3 39. Qf4 Qxb4 40. Rf1
Rf8 41. Rc2 Qe7 42. Rc5 Qd7 43. Qf3 Rd8 44. Qxh5 Rb6 45. Qf3 b4 46. Rb1 b3 47.
Rc3 b2 48. Rc2 Qa4 49. Rf2 Rd7 50. Qc3 Qc4 51. Qd2 Rdb7 52. Qf4 Qd3 53. Rff1
Rb4 54. Rfd1 Qh3 55. Rd2 Rb3 56. Rg2 Qd3 57. Qf1 Qxd4+ 58. Qf2 Qxe5 59. h5 Rc3
60. Qd2 Rbc7 61. Qxb2 Qe3+ 62. Qf2 Rc1+ 63. Rxc1 Rxc1+ 64. Kh2 Qe5+ 65. Qg3
Qxg3+ 66. Kxg3 Re1 67. Rd2 Re5 68. Kf4 f6 69. g6 Rxh5 70. Ra2 Kf8 71. Ra8+ Ke7
72. Rg8 Rg5 73. Rxg7+ Ke6 74. Rg8 Rg1 75. Re8+ Kd7 76. Rg8 Ke7 77. Rg7+ Ke6 78.
Rg8 Ke7 79. Rg7+ Ke6 1/2-1/2